Libertad y obligación moral en la filosofía de Joseph de Finance

Saved in:
Bibliographic Details
Main Author: Ballesteros, Juan Carlos Pablo (Author)
Format: Book
Language:Spanish
Published: Santa Fe Universidad Católica de Santa Fé 1999
Subjects:
Tags: Add Tag
No Tags, Be the first to tag this record!

MARC

LEADER 00000nam a2200000 a 4500
001 UCO0595
003 CL-VaPUC
008 000420e19990000AG |||||||||||||||||spa|d
082 0 4 |a 194  |b BAL  |2 21 
100 0 |a Ballesteros, Juan Carlos Pablo  |e author  |9 441923 
245 1 0 |a Libertad y obligación moral en la filosofía de Joseph de Finance 
300 |a 315 p 
942 |c BK 
945 |d 20000420 00:00:00  |a rbrito 
260 |a Santa Fe  |b Universidad Católica de Santa Fé  |c 1999 
600 0 7 |a FINANCE, JOSEPH DE  |2 CL-VaPUC  |9 441924 
650 0 |a Filosofía francesa   |9 255698 
650 0 |a Ética  |9 255099 
650 0 |a Libertad  |9 255686 
583 |a last modification  |c 20000420 00:00:00  |k Rodrigo Vera 
999 |c 287247  |d 287245 
952 |0 0  |1 0  |4 0  |6 194_000000000000000_BAL_1999  |7 0  |8 A  |9 333749  |a BIBEDU  |b BIBEDU  |d 2019-11-20  |i 3599124  |o 194 BAL 1999  |p 3599124  |r 2019-11-20  |w 2019-11-20  |y BK  |k FIL